De Díaz Miron a Rubén Dario: un curso en la Universidad de Chile sobre la evolución de la poesía Hispanoamericana
Uloženo v:
| Hlavní autor: | |
|---|---|
| Médium: | Kniha |
| Jazyk: | španělština |
| Vydáno: |
Santiago
Andrés
1964
|
| Vydání: | 2a. ed |
| Témata: | |
| Tagy: |
Přidat tag
Žádné tagy, Buďte první, kdo vytvoří štítek k tomuto záznamu!
|
MARC
| LEADER | 00000nam a2200000 a 4500 | ||
|---|---|---|---|
| 001 | UCX5701 | ||
| 003 | CL-VaPUC | ||
| 008 | 930108e19640000CL |||||||||||||||||spa|d | ||
| 082 | 0 | 4 | |a H861.09 |b MEZ |2 21 |
| 100 | |a Meza Fuentes, Roberto |e autor |9 351431 | ||
| 245 | 1 | 0 | |a De Díaz Miron a Rubén Dario: un curso en la Universidad de Chile sobre la evolución de la poesía Hispanoamericana |
| 250 | |a 2a. ed | ||
| 300 | |a 329 p | ||
| 942 | |c BK | ||
| 945 | |d 19930108 00:00:00 | ||
| 260 | |a Santiago |b Andrés |c 1964 | ||
| 650 | 7 | |a POESIA HISPANOAMERICANA |2 CL-VaPUC |9 267889 | |
| 583 | |a last modification |c 19930108 00:00:00 |k Rodrigo Vera | ||
| 999 | |c 225897 |d 225895 | ||
| 952 | |0 0 |1 0 |4 0 |6 H_861_090000000000000_MEZ_1964 |7 0 |8 A |9 223809 |a BIBEDU |b BIBEDU |d 2019-11-15 |i 2926350 |o H861.09 MEZ 1964 |p 2926350 |r 2019-11-15 |w 2019-11-15 |y BK |k LIT | ||